| 000 | 01388nam0a22002771 4500 | ||
|---|---|---|---|
| 001 | rc\3359011 | ||
| 005 | 20130115152726.7 | ||
| 021 |
_aRU _b74-86141 |
||
| 021 |
_aRU _bРг12811-74 |
||
| 035 | _a(NLR Aleph) 007440819 | ||
| 090 |
_a7113513 _c7113513 |
||
| 100 | _a20130115d1974 |||y0rusy50 ca | ||
| 101 | 0 | _arus | |
| 102 | _aRU | ||
| 105 | _aa z ||||| | ||
| 200 | 1 |
_aВременное руководство по теории инженерных расчетов процессов смерзания, разогрева и дробления смерзшихся грузов, перевозимых в железнодорожных полувагонах _fГосстрой СССР. Гл. упр. по строит. проектированию предприятий, зданий и сооружений. Всесоюз. проектный и науч.-исслед. ин-т пром. транспорта Промтрансниипроект |
|
| 210 |
_aМосква _cБ. и. _d[1974] |
||
| 215 |
_a202 с. _cил. _d20 |
||
| 300 | _aНа 2-й с. авт.: к. т. н. М.И. Лепнев | ||
| 700 | 1 |
_aЛепнев _bМ. И. _gМихаил Иванович |
|
| 712 | 0 | 2 |
_aВНИИ промышленного транспорта _3RU\NLR\AUTH\8810014803 |
| 801 | 0 |
_aRU _bNLR _gpsbo |
|
| 801 | 1 |
_aRU _bELAR _2rusmarc |
|
| 852 |
_aNLR _j74-3/3888 |
||
| 942 | _cBOOK | ||
| 980 | _aNB | ||